Statistics for Smallest Countries in the World

Click here to take the quiz!

General Stats

  • This quiz has been taken 48 times
  • The average score is 7 of 10

Answer Stats

Answer% Correct
Vatican City0.44 km²
96%
San Marino61 km²
96%
Monaco2 km²
93%
Nauru21 km²
87%
Tuvalu26 km²
82%
Liechtenstein160 km²
82%
Malta316 km²
64%
Marshall Islands181 km²
51%
Maldives300 km²
40%
Saint Kitts and Nevis261 km²
7%

Score Distribution

Percentile by Number Answered

Percent of People with Each Score

Your Score History

You have not taken this quiz